All Drake Songs Over 1 Billion Streams - Statistics

General Stats
  • This quiz has been taken 25 times
  • The average score is 10 of 17
Answer Stats
Hint Song % Correct
2.80 God's Plan
91%
3.68 (Wizkid, Kyla) One Dance
91%
1.47 Hotline Bling
73%
1.18 (21 Savage) Jimmy Cooks
73%
1.45 In My Feelings
68%
1.89 Passionfruit
68%
1.14 (Majid Jordan) Hold On, We're Going Home
64%
1.34 (Future) Life Is Good
55%
1.44 (Bad Bunny) MIA
55%
1.05 (Lil Durk) Laugh Now Cry Later
50%
1.38 Nice For What
50%
1.21 Nonstop
50%
1.05 (Rick Ross) Money In The Grave
45%
1.12 (Rihanna) Too Good
45%
1.13 Toosie Slide
45%
1.02 (BlocBoy JB) Look Alive
32%
1.01 Fake Love
18%
No matching quizzes found
Score Distribution
Percent of People with Each Score
Percentile by Number Answered
Your Score History
You have not taken this quiz